000 00834nas a2200265 4500
001 BR8803153
003 BR-BrBNA
005 20231205091144.0
007 ta
008 230509b bl.|||p| |||| 00| 00por d
040 _aBR-BrBNA
_bpor
_cBiblioteca Nacional de Agricultura
041 _a(Pt)
072 _aP30; P35
100 1 _aPires Neto, J.A.
100 1 _aRosa, J.H.
100 1 _aNogueira Junior, P.
100 1 _aZambello Junior, E.
245 1 _aInteracao entre a classificacao pedologica do solo e a fertilidade dos solos ocupados com cana-de-acucar na usina ester
650 _aCANA DE ACUCAR
650 _aPEDOLOGIA
650 _aFERTILIDADE DO SOLO
773 0 _tSTAB (Brazil)
_xISSN 0102-1214
_g(Mar-Apr 1983), v. 1(4) p. 44-48
_wBR8803153
909 _a202311
_bLúcia
_c55
_dLúcia Elande
942 _2AGRIS
_n0
_cANA
999 _c123196
_d123196